Parcerias na administração pública : (Record no. 700)

MARC details
000 -LÍDER
Campo Fixo de Controle 00920nam a2200265 a 4500
001 - NÚMERO DE CONTROLE
Campo de Controle 700
003 - IDENTIFICAÇÃO DO NÚMERO DE CONTROLE
Campo de Controle BR-CuiBMT
005 - DATA E HORA DA ÚLTIMA ATUALIZAÇÃO
Campo de Controle 20231113230853.0
008 - DADOS FIXOS
Dados Fixos 231109s2012 spb 001 0 por d
020 ## - INTERNATIONAL STANDARD BOOK NUMBER
Nº do ISBN 9788522473335
040 ## - AGÊNCIA CATALOGADORA
Código da Agência Catalogadora BR-CuiBMT
Agência que transcreveu o registro BR-CuiBMT
080 ## - Nº DA CLASSIFICAÇÃO DECIMAL UNIVERSAL
Nº edição CDU 2007
Nº Class. CDU 35.078.6
090 ## - NÚMERO DE CHAMADA
Nº classificação 35.078.6
Cutter P626p
Ano/Edição 9. ed.
100 10 - ENTRADA PRINCIPAL -- AUTOR PESSOAL
Nome pessoal Pietro, Maria Sylvia Zanella Di
245 10 - TÍTULO PRINCIPAL
Título principal Parcerias na administração pública :
Subtítulo concessão, permissão, franquia, terceirização e outras formas /
Indicação de responsabilidade Maria Sylvia Zanella Di Pietro.
250 ## - EDIÇÃO
Edição 9. ed.
260 ## - PUBLICAÇÃO, DISTRIBUIÇÃO, ETC.
Local de publicação São Paulo :
Editora Atlas,
Data 2012.
300 ## - DESCRIÇÃO FÍSICA
N. páginas ou volumes 465 p. ;
Dimensões 24 cm
504 ## - NOTA DE BIBLIOGRAFIA, ETC.
Nota de bibliografia Inclui bibliografia.
650 ## - ASSUNTO TÓPICO
Cabeçalho tópico ou nome geográfico Parceria público-privada (PPP)
Subdivisão de forma Legislação
Subdivisão geográfica Brasil
650 ## - ASSUNTO TÓPICO
Cabeçalho tópico ou nome geográfico Concessão de serviços públicos
Subdivisão geográfica Brasil
650 ## - ASSUNTO TÓPICO
Cabeçalho tópico ou nome geográfico Parceria público-privada (PPP)
Subdivisão geral Regulação
Subdivisão geográfica Brasil
650 ## - ASSUNTO TÓPICO
Cabeçalho tópico ou nome geográfico Privatização
Subdivisão cronológica Brasil
942 ## - ELEMENTOS DE ENTRADA ADICIONAIS (KOHA)
Fonte de classificação ou esquema de arquivamento Classificação Decimal Universal
Tipo de item do Koha Livros
Holdings
Estado: removido Estado: perdido Fonte de classificação ou esquema de arquivamento Estado: danificado Indisponível para empréstimo Localização permanente Localização atual Data de aquisição Total Checkouts Número de Chamada completo Código de barras Date last seen Número do exemplar Preço efetivo a partir de Tipo de item (Koha)
    Classificação Decimal Universal     Biblioteca da Escola Superior de Contas do TCE/MT Biblioteca da Escola Superior de Contas do TCE/MT 13/11/2023   35.078.6 P626p 9. ed. BIBTCEMT23110550 13/11/2023 Ex. 1 13/11/2023 Livros

Powered by Koha